000 00585nam a2200181 a 4500
001 000035275
005 20200930074225.0
008 111027s19uu sp 000 0 spa d
040 _aDO-SdBNP
_bspa
_cBNPHU
082 _axxxx
_bR393v
100 1 _aRenan, Ernesto
_951218
245 1 0 _aVida de Jesús /
_cErnesto Renan.
250 _a6a ed. con notas, esmerademente revisada y corregida
260 _aBarcelona :
_bMaucci,
_c[19--?].
300 _a317 p. ;
_c19 cm.
490 1 _aHistoria de los orígenes del cristianismo
830 0 _aHistoria de los orígenes del cristianismo
_961039
999 _c34766
_d34766